Statistiques concernant Culture Générale - Série 1131

Cliquez ici pour prendre le quiz!

Statistiques générales

  • Ce quiz a été pris 43 fois
  • Le résultat moyen est 8 sur 10

Statistiques - réponses

QuestionRéponse% Correct
Quel gâteau, fait d'un biscuit roulé fourré de crème, et d'un nappage rappelant l'écorce d'un arbre, est traditionnellement servi à Noël ?bûche
98%
Quel jeune sorcier est le héros principal de la romancière J.K. Rowling ?Harry Potter
95%
D'après la Bible, quel vaisseau Noé a-t-il construit pour échapper au déluge ?arche
95%
Quel saint est à l'honneur le 14 février ?Valentin
93%
Quel jeu d'adresse, dont le nom désigne aussi l'empereur du Japon, se pratique avec 41 baguettes que l'on doit prendre une à une sans faire bouger les autres ?mikado
93%
Qu'est-ce qui peut être de pain, de tambour ou de sourcier ?baguette
93%
Quel écrivain est l'auteur du célèbre article "J'accuse", publié en 1898 ?Émile Zola
90%
En 1980, de quel produit cosmétique Daniel Balavoine chante-t-il les louanges dans la chanson "Lipstick Polychrome" ?rouge à lèvres
78%
Quel nom porte le côté d'un triangle rectangle opposé à l'angle droit ?hypoténuse
54%
En 1933, au Mans, quelles soeurs sont jugées pour avoir assassiné leurs patronnes ?soeurs Papin
12%

Distribution des résultats

Percentile par nombre de réponses

% des personnes avec chaque résultat

Votre développement - résultats

Vous n’avez pas pris ce quiz